Alles mit F (mit Hinweisen) - Statistiken

Allgemein
  • Dieses Quiz wurde 273 mal gespielt
  • Das Durchschnittsergebnis liegt bei 51 aus 80
Antwortstatistiken
Kategorie Hinweis Antwort % Korrekt
Länder Europa Frankreich
99%
Länder Europa Finnland
98%
Weitere Städte Großstadt in Hessen Frankfurt am Main
94%
Länder Ozeanien Fidschi
93%
Pflanzen & Tiere Junges Pferd Fohlen
88%
Sonstiges Vater, Mutter und Kind(er) Familie
87%
Pflanzen & Tiere Lebt im Wasser, hat Kiemen Fisch
87%
Sonstiges Eine der vier Jahreszeiten Frühling
87%
Sonstiges Fahrerlaubnis (Dokument) Führerschein
87%
Sonstiges Ballsportart, 11 gegen 11 Fußball
87%
Sonstiges Letztes Duell eines Turniers Finale
86%
Sonstiges Automarke mit 4 Buchstaben Ford / Fiat
86%
Pflanzen & Tiere Eine Kaulquappe wird zum... Frosch
86%
Sonstiges Weltfußballverband Fifa
85%
Pflanzen & Tiere Junges Schwein Ferkel
85%
Pflanzen & Tiere Nadelbaum Fichte
85%
Berühmte Personen 10. dt. Bundeskanzler F{riedrich} M{erz}
85%
Geografisches Allerlei Bundesstaat der USA Florida
84%
Pflanzen & Tiere Lästiges Insekt Fliege
83%
Sonstiges Temperaturskala in den USA Fahrenheit
82%
Sonstiges Frz. Geschenk an die USA Freiheitsstatue
82%
Weitere Städte Atomunfall 2011 in Japan Fukushima
82%
Weitere Städte Großstadt in BaWü Freiburg im Breisgau
81%
Sonstiges Soziales Netzwerk (Meta) Facebook
80%
Essen & Trinken Griechischer Käse Feta
80%
Pflanzen & Tiere Raubtier, rotbraunes Fell Fuchs
80%
Essen & Trinken Orangenlimonade Fanta
79%
Berühmte Personen Ehem. Sänger von Queen F{reddie} M{ercury}
77%
Essen & Trinken Zartestes Stück vom Rind Filet
75%
Weitere Städte Stadt in Schleswig-Holstein Flensburg
75%
Weitere Städte Hauptstadt der Toskana Florenz
75%
Essen & Trinken Schweizer Gericht mit Käse Fondue
75%
Geografisches Allerlei Fluss in Hessen Fulda
75%
Weitere Städte Hauptstadt der Algarve Faro
74%
Sonstiges Filmreihe mit Jack Sparrow Fluch der Karibik
74%
Pflanzen & Tiere Langsamstes Säugetier Faultier
73%
Geografisches Allerlei Höchster Berg Japans Fuji
72%
Berühmte Personen Ehem. Präsident von Kuba F{idel} C{astro}
70%
Weitere Städte Großstadt in Bayern Fürth
70%
Geografisches Allerlei Kanarische (Ferien)Insel Fuerteventura
68%
Geografisches Allerlei Inselgruppe im Nordatlantik Färöer Inseln
67%
Essen & Trinken Teig, Creme, Zwiebeln, Speck Flammkuchen
67%
Geografisches Allerlei Region im Norden Bayerns Franken
67%
Berühmte Personen Yabba Dabba Doo! F{red} F{euerstein}
67%
Sonstiges Feiertag 60 Tage nach Ostern Fronleichnam
67%
Pflanzen & Tiere Fliegendes Säugetier Fledermaus
66%
Berühmte Personen Dt. Dichter und Philosoph F{riedrich} S{chiller}
63%
Essen & Trinken Flacher Hackfleischkloß Frikadelle
61%
Länder Ozeanien Föderierte Staaten von Mikronesien
59%
Sonstiges Tageszeitung aus hess. Stadt FAZ
56%
Berühmte Personen Ehem. dt. Kunstturner F{abian} H{ambüchen}
54%
Essen & Trinken Salat, kleine ovale Blätter Feldsalat
52%
Berühmte Personen Deutscher Fernsehkoch F{rank} R{osin}
52%
Essen & Trinken "Kinderjoghurt" Fruchtzwerge
51%
Hauptstädte Sierre Leone Freetown
50%
Geografisches Allerlei Viertgrößte deutsche Insel Fehmarn
48%
Essen & Trinken Gemüse und Gewürz Fenchel
47%
Pflanzen & Tiere Lila Blüten Flieder
47%
Geografisches Allerlei Nordfriesische Insel Föhr
47%
Berühmte Personen Amerikanischer Sänger F{rank} S{inatra}
47%
Berühmte Personen Ehem. dt. Skirennläufer F{elix} N{eureuther}
45%
Geografisches Allerlei Inselgruppe im Südatlantik Falklandinseln
44%
Weitere Städte Königsstadt in Marokko Fès
43%
Geografisches Allerlei Gebirge in Tschechien u. DE Fichtelgebirge
43%
Geografisches Allerlei Höchster Berg in BaWü Feldberg
42%
Berühmte Personen Deutsche Moderatorin F{rauke} L{udowig}
42%
Pflanzen & Tiere Gefäßsporenpflanze Farn
40%
Sonstiges Router von AVM Fritz!Box
38%
Essen & Trinken Unfertiger Weißwein Federweißer
37%
Berühmte Personen Deutscher Fußballer F{lorian} W{irtz}
36%
Essen & Trinken Sammelfrucht, grün oder lila Feige
33%
Geografisches Allerlei Nachbarinsel von Ibiza Formentera
33%
Hauptstädte Tuvalu Funafuti
33%
Essen & Trinken Bekannte Marke für Snacks funny-frisch
30%
Pflanzen & Tiere Vogel mit 15 Halswirbeln Falke
28%
Essen & Trinken Lidl-Eigenmarke für Limo Freeway
28%
Pflanzen & Tiere Faser- und Ölpflanze Flachs
25%
Weitere Städte Viertgrößte Stadt Brasiliens Fortaleza
25%
Pflanzen & Tiere Wegerichgewächs (giftig) Fingerhut
16%
Essen & Trinken Die Heimatlimonade Frucade
9%
Keine übereinstimmenden Quizze gefunden
Verteilung der Resultate
Anzahl Personen mit jedem Resultat
Perzentil nach korrekt beantworteten Fragen
Ihre Resultats-Entwicklung
Sie haben dieses Quiz noch nicht gespielt